000
00192 a2200097 4500
001
13431
100
_a
Smion, S.W
245
_a
260
_a
New York
_b
E P datton co
_c
090
_c
10444
_d
10444
942
_a
NUST-CAE
_c
M
_c
497
999
_c
248504
_d
248504